401 Questions Every Entrepreneur Should Ask (Record no. 2521)

MARC details
000 -LEADER
fixed length control field 00427nam a22001697a 4500
005 - DATE AND TIME OF LATEST TRANSACTION
control field 20260330153042.0
008 - FIXED-LENGTH DATA ELEMENTS--GENERAL INFORMATION
fixed length control field 160613b xxu||||| |||| 00| 0 eng d
020 ## - INTERNATIONAL STANDARD BOOK NUMBER
ISBN 978-81-7992-798-4
041 ## - LANGUAGE CODE
Language code of text/sound track or separate title eng
082 ## - DEWEY DECIMAL CLASSIFICATION NUMBER
Item number 7250
Classification number 658.022
100 ## - MAIN ENTRY--AUTHOR NAME
Personal name Silvester, James L.
245 ## - TITLE STATEMENT
Title 401 Questions Every Entrepreneur Should Ask
260 ## - PUBLICATION, DISTRIBUTION, ETC. (IMPRINT)
Name of publisher Jaico Books Books
Year of publication 2008
300 ## - PHYSICAL DESCRIPTION
Number of Pages 252
650 ## - SUBJECT ADDED ENTRY--TOPICAL TERM
Topical Term Management
942 ## - ADDED ENTRY ELEMENTS (KOHA)
Koha item type Books
Holdings
Lost status Damaged status Home library Current library Shelving location Date acquired Cost, normal purchase price Full call number Accession Number Koha item type Collection code Source of acquisition
    JRU Library   SHELF-32-D 13/06/2016 295.00 7250 7250 Books    
    JRU Library   SHELF-32-D 13/06/2016 295.00 7250 7251 Books    
    JRU Library   SHELF-32-D 13/06/2016 295.00 7250 7252 Books    
    JRU Library JRU Library SHELF-102-F 13/06/2016 295.00 658.022 7253 Books LIFE SKILL  
    JRU Library JRU Library SHELF-102-G 13/06/2016 295.00 658.11 7254 Books LIFE SKILL PURCHASE